00924nam a2200181 a 450000100100000000500170001000800410002704000250006808200160009310000270010924500660013626000600020230000270026295201290028995201870041895201200060599900170072500003314920200930070047.0110818s1979 dr a r 000 0 spa d aDO-SdBNPbspacBNPHU axxxxbD352a1 aDelgado, Osiris95880710aArquitectura de Santiago de los Caballeros /cOsiris Delgado. aSanto Domingo :bFundación García-Arévalo,c1979. a24 p. :bil. ;c21 cm. 001054708DSaGRbGRcHDd2019-05-27iLF1l0oxxxx D352ap33149-30r2020-06-25te. 3w2020-06-25yLFDSZPréstamo en sala 0010718PDaPDbPDcHDd2011-08-18iLF1l0oxxxx D352ap33149-10r2020-06-25w2020-06-25yLFPDzPerteneció a la biblioteca personal de Aída Cartagena PortalatínZNo se presta 0010718PDaPDbPDcHDd2013-06-10iLF1l0oxxxx D352ap33149-20r2020-06-25te. 2w2020-06-25yLFPDZNo se presta c32640d32640